<?xml version="1.0" encoding="UTF-8"?>
<collection xmlns="http://www.loc.gov/MARC21/slim">
 <record>
  <leader>01645nam a2200337   4500</leader>
  <controlfield tag="001">1908774134</controlfield>
  <controlfield tag="003">DE-627</controlfield>
  <controlfield tag="005">20241115141137.0</controlfield>
  <controlfield tag="007">cr uuu---uuuuu</controlfield>
  <controlfield tag="008">241115s2024    xx |||||oo    00| ||ger c</controlfield>
  <datafield tag="035" ind1=" " ind2=" ">
   <subfield code="a">(DE-627)1908774134</subfield>
  </datafield>
  <datafield tag="035" ind1=" " ind2=" ">
   <subfield code="a">(DE-599)KXP1908774134</subfield>
  </datafield>
  <datafield tag="035" ind1=" " ind2=" ">
   <subfield code="a">(OCoLC)1468982785</subfield>
  </datafield>
  <datafield tag="040" ind1=" " ind2=" ">
   <subfield code="a">DE-627</subfield>
   <subfield code="b">ger</subfield>
   <subfield code="c">DE-627</subfield>
   <subfield code="e">rda</subfield>
  </datafield>
  <datafield tag="041" ind1=" " ind2=" ">
   <subfield code="a">ger</subfield>
  </datafield>
  <datafield tag="084" ind1=" " ind2=" ">
   <subfield code="a">KUNST</subfield>
   <subfield code="q">DE-16</subfield>
   <subfield code="2">fid</subfield>
  </datafield>
  <datafield tag="100" ind1="1" ind2=" ">
   <subfield code="a">Kröger, Michael</subfield>
   <subfield code="d">1956-</subfield>
   <subfield code="e">VerfasserIn</subfield>
   <subfield code="0">(DE-588)140838139</subfield>
   <subfield code="0">(DE-627)622599097</subfield>
   <subfield code="0">(DE-576)319131874</subfield>
   <subfield code="4">aut</subfield>
  </datafield>
  <datafield tag="245" ind1="1" ind2="0">
   <subfield code="a">[Rezension von: Ulrich Pfisterer, Mandragora - Pflanzen als Künstler]</subfield>
   <subfield code="c">Michael Kröger</subfield>
  </datafield>
  <datafield tag="264" ind1=" " ind2="1">
   <subfield code="a">Rostock</subfield>
   <subfield code="b">KunstbuchAnzeiger.de</subfield>
   <subfield code="c">06.11.2024</subfield>
  </datafield>
  <datafield tag="300" ind1=" " ind2=" ">
   <subfield code="a">1 Online-Ressource</subfield>
   <subfield code="b">Illustrationen</subfield>
  </datafield>
  <datafield tag="336" ind1=" " ind2=" ">
   <subfield code="a">Text</subfield>
   <subfield code="b">txt</subfield>
   <subfield code="2">rdacontent</subfield>
  </datafield>
  <datafield tag="337" ind1=" " ind2=" ">
   <subfield code="a">Computermedien</subfield>
   <subfield code="b">c</subfield>
   <subfield code="2">rdamedia</subfield>
  </datafield>
  <datafield tag="338" ind1=" " ind2=" ">
   <subfield code="a">Online-Ressource</subfield>
   <subfield code="b">cr</subfield>
   <subfield code="2">rdacarrier</subfield>
  </datafield>
  <datafield tag="655" ind1=" " ind2="7">
   <subfield code="a">Rezension</subfield>
   <subfield code="0">(DE-588)4049712-4</subfield>
   <subfield code="0">(DE-627)106186019</subfield>
   <subfield code="0">(DE-576)209083166</subfield>
   <subfield code="2">gnd-content</subfield>
  </datafield>
  <datafield tag="787" ind1="0" ind2="8">
   <subfield code="i">Rezension von</subfield>
   <subfield code="a">Pfisterer, Ulrich, 1968 - </subfield>
   <subfield code="t">Mandragora – Pflanzen als Künstler</subfield>
   <subfield code="d">Heidelberg : arthistoricum.net, 2024</subfield>
   <subfield code="h">231 Seiten</subfield>
   <subfield code="w">(DE-627)1892943360</subfield>
   <subfield code="z">9783985012534</subfield>
  </datafield>
  <datafield tag="787" ind1="0" ind2="8">
   <subfield code="i">Rezension von</subfield>
   <subfield code="a">Pfisterer, Ulrich, 1968 - </subfield>
   <subfield code="t">Mandragora - Pflanzen als Künstler</subfield>
   <subfield code="d">Heidelberg : arthistoricum.net, 2024</subfield>
   <subfield code="h">1 Online-Ressource (231 Seiten)</subfield>
   <subfield code="w">(DE-627)1893804119</subfield>
   <subfield code="z">9783985012527</subfield>
  </datafield>
  <datafield tag="856" ind1="4" ind2="0">
   <subfield code="u">https://www.kunstbuchanzeiger.de/de/themen/kunst/rezensionen/2304/</subfield>
   <subfield code="x">Verlag</subfield>
   <subfield code="z">kostenfrei</subfield>
   <subfield code="3">Volltext</subfield>
  </datafield>
  <datafield tag="951" ind1=" " ind2=" ">
   <subfield code="a">BO</subfield>
  </datafield>
  <datafield tag="994" ind1=" " ind2=" ">
   <subfield code="u">https://www.kunstbuchanzeiger.de/de/themen/kunst/rezensionen/2304/</subfield>
  </datafield>
  <datafield tag="991" ind1=" " ind2=" ">
   <subfield code="a">Rezension (Monographie, Zeitschrift, Aufsatz)</subfield>
  </datafield>
  <datafield tag="999" ind1=" " ind2=" ">
   <subfield code="a">KXP-PPN1908774134</subfield>
   <subfield code="e">4615303203</subfield>
  </datafield>
 </record>
</collection>
